| 000 | 00427 a2200169 4500 | ||
|---|---|---|---|
| 003 | Nust | ||
| 005 | 20170207153353.0 | ||
| 040 | _cNust | ||
| 082 | _a005.1 | ||
| 100 | _aKhan , Amin BESE-06 | ||
| 245 |
_aDatabase Access and Virtualization Services For the Grid _cAmin Khan & Omer Javaid BESE-06 |
||
| 260 |
_bMCS _c2004 |
||
| 300 | _a76 p | ||
| 538 | _aAlmirah No.71 Shelf No.4 | ||
| 650 | _aUG Projects | ||
| 651 | _aUG CS Projects | ||
| 942 | _cTHS | ||
| 999 |
_c184680 _d184680 |
||